000 00529cam a2200193 4500
001 D15371
008 090401t1981 xxu||||| |||| 00| 0 eng d
035 _a(Sirsi) u22273
041 _aeng
050 _a630.1094
110 _aRoyal Institution of Chartered Surveyors
_bScottish Branch
_9830
245 _aEuropean Economic Community Common Agricultural Policy: Working party report
260 _bRICS
_c1981
300 _a13p. 30cm
350 _a0
520 _aFiled in box 1981/35A
942 _n0
948 _c04/03/1997
999 _c88157
_d88157